| 000 | 00486nam a22001577a 4500 | ||
|---|---|---|---|
| 999 |
_c166213 _d166213 |
||
| 008 | 190716b ||||| |||| 00| 0 eng d | ||
| 020 | _a9788120313323 | ||
| 040 |
_aDPL _bEN |
||
| 050 | _a005.3 BOB | ||
| 100 | _aBabola, Daniel T. | ||
| 245 | _aComplete Idiot's Guide to Microsoft Word 97 | ||
| 246 |
_aComplete Idiot's Guide to _bMicrosoft Word 97 |
||
| 260 |
_aNew Delhi _bPrentice Hall of India |
||
| 300 |
_axxi,393p. _c24 cm. |
||
| 942 |
_2ddc _cEN _h005.3 _mBOB |
||